| 000 | 00000nam##2200000za#4500 |
| 001 | 9.691086 |
| 003 | CaOODSP |
| 005 | 20200813121934 |
| 007 | cr ||||||||||| |
| 008 | 150407|2008||||xxc|||||o f|0| 0 eng|d |
| 020 | |a978-0-662-48877-4 |
| 040 | |aCaOODSP|beng |
| 043 | |an-cn--- |
| 086 | 1 |aCS97-554/2006-001E-HTML |
| 245 | 00|aChanging patterns in Canadian homeownership and shelter costs, 2006 Census - findings |h[electronic resource] |
| 260 | |aOttawa - Ontario : |bStatistics Canada |c2008. |
| 590 | |a12-20-Supp|b2012-05-09 |
| 710 | 2 |aStatistics Canada. |
| 775 | 08|tÉvolution des tendances de l'accession à la propriété et des coûts d'habitation au Canada, Recensement de 2006 - résultats |w(CaOODSP)9.635421 |
| 856 | 40|ahttp://publications.gc.ca|qHTML|sAccessible on Statistics Canada website|uhttp://www12.statcan.ca/census-recensement/2006/as-sa/97-554/index-eng.cfm?CFID=32334&CFTOKEN=84561162 |